| 000 | 00453nam a2200181Ia 4500 | ||
|---|---|---|---|
| 008 | 180207s9999 xx 000 0 und d | ||
| 020 | _a9780545340076 | ||
| 050 | _bL866 2010 | ||
| 100 | _aLord, Cynthia | ||
| 245 | _aHot rod hamster / | ||
| 245 | _cby Cynthia Lord ; pictures by Derek Anderson. | ||
| 260 | _aNew York : | ||
| 260 | _bScholastic, | ||
| 260 | _c2010 | ||
| 300 | _aunpaged : | ||
| 300 | _bcolor illustration ; | ||
| 300 | _c25cm. | ||
| 999 |
_c355479 _d355479 |
||